00455nam a22001577a 4500010001500000020002600015035001400041037000900055082000800064100002000072245006900092260003600161270004300197300002200240600003500262 aENG-145106 c450.00a9788190515764 aEN-128638 bDBAD a921 aNarayan, Manish aEducational thoughts of Bal Gangadhar Tilak/cby Manish Narayan  aDelhibMukund Publicationc2010 bDelhie110051aE-11/5, Krishana nagar, a176p.c23cm (Hb)  aBaba Visakha SinghxBiography.